| 000 | 01489caa a22002891ib4500 | ||
|---|---|---|---|
| 003 | SA-RiAUC | ||
| 005 | 20250322130549.0 | ||
| 008 | 250320s1993 su g f00000 ara c | ||
| 040 |
_aSA-JeALM _bara _cSA-RiAUC _erda |
||
| 043 | _aa-su--- | ||
| 082 | 0 | 4 |
_a081 _qSA-RiAUC |
| 090 |
_a081 _b ن ا د |
||
| 110 | 2 |
_aنادي مكة الثقافي الأدبي _eمؤلف. |
|
| 245 | 1 | 0 |
_aمحاضرات نادي مكة الثقافي الأدبي / _cنادي مكة الثقافي الأدبي. |
| 264 |
_aمكة المكرمة : _bنادي مكة الثقافي الأدبي، _c1993 |
||
| 300 |
_aمجلد ؛ _c24 سم |
||
| 336 |
_aنص _btxt _2rdacontent _3عمل تحليلي |
||
| 337 |
_aبدون وسيط _bn _2rdamedia |
||
| 338 |
_aمجلد _bnc _2rdacarrier |
||
| 500 | _aاهداء من نادي مكة الثقافي الأدبي بتاريخ 1/ 1 /1414 هـ | ||
| 580 | _aفي : محاضرات نادي مكة الثقافي الأدبي. -مكة المكرمة : نادي مكة الثقافي الأدبي، 1993. -مجلد 2. -(مطبوعات نادي مكة الثقافي الأدبي ؛ 83) | ||
| 650 | 7 |
_aالمقالات العربية _zالسعودية _yقرن 14 هجري _2aucsh |
|
| 650 | 7 |
_aالثقافة العربية _zالسعودية _vمقالات ومحاضرات _2aucsh |
|
| 650 | 7 |
_aالنوادي الثقافية _zالسعودية _vمقالات ومحاضرات _2aucsh |
|
| 942 |
_2ddc _cBOOK _n0 |
||
| 949 |
_aSA-JeALM _d250320 _umohamedma123 _n1 |
||
| 999 |
_c6564 _d6564 |
||